Countries, US States, Capitals, Elements, 100 Most Common Words: same Set of Consonants - Statistics

General Stats
  • This quiz has been taken 222 times
  • The average score is 14 of 23
Answer Stats
ANSWER % Correct
Niger
84%
Nigeria
83%
Burma
80%
Romania
80%
Tunis
76%
Tunisia
76%
Brunei
70%
There
69%
Boron
68%
Bern
61%
Their
61%
Armenia
58%
Astana
56%
Barium
52%
Austin
50%
Argon
47%
Moroni
47%
Uranium
42%
Nairobi
41%
Oregon
41%
Other
41%
Erbium
40%
Estonia
40%
No matching quizzes found
Score Distribution
Percent of People with Each Score
Percentile by Number Answered
Your Score History
You have not taken this quiz